Villes des Philippines - Statistiques

Statistiques générales
  • Ce quiz a été pris 92 fois
  • Le résultat moyen est 3 sur 10
Statistiques - réponses
Population Ville % Correct
12,877,253 Manille
99%
2,849,213 Cebu
81%
2,516,216 Davao
64%
1,132,933 Angeles
23%
611,316 Baguio
20%
550,725 Batangas
15%
946,146 Iloilo
15%
791,019 Bacolod
12%
1,376,343 Cagayan de Oro
12%
799,955 Naga
4%
Aucun quiz correspondant
Distribution des résultats
% des personnes avec chaque résultat
Percentile par nombre de réponses
Votre historique - résultats
Vous n’avez pas pris ce quiz